Statistics for State Capitals Containing the Letter R

Click here to take the quiz!

General Stats

  • This quiz has been taken 137 times
  • The average score is 19 of 21

Answer Stats

Answer% Correct
Raleigh
98%
Sacramento
98%
Little Rock
97%
Bismarck
95%
Carson City
95%
Denver
95%
Dover
95%
Harrisburg
95%
Jefferson City
95%
Baton Rouge
93%
Pierre
93%
Richmond
93%
Trenton
93%
Hartford
92%
Springfield
92%
Charleston
90%
Frankfort
90%
Providence
90%
Concord
87%
Montgomery
87%
Montpelier
82%

Score Distribution

Percentile by Number Answered

Percent of People with Each Score

Your Score History

You have not taken this quiz